| 000 | 00632nam a22002057a 4500 | ||
|---|---|---|---|
| 005 | 20170124110200.0 | ||
| 010 | _aA-713896 | ||
| 020 | _c30.00 | ||
| 035 | _aA-713896 | ||
| 037 | _bCen Lib/Ret | ||
| 040 |
_aDPL _bEN |
||
| 082 |
_a027.8 _bSCH |
||
| 245 |
_aSchool library development / _cedited by C P Vashishth |
||
| 260 |
_aDelhi _bIndian library association _c1986 |
||
| 270 |
_bDelhi _aA/40-41, Flat no.201 Ansal building Mukhrjee nagar _e110009 |
||
| 300 |
_aii,64p. _c22cm(pbk) |
||
| 650 |
_aLibrary and information science _973357 |
||
| 650 |
_aSchool library _935826 |
||
| 942 |
_2ddc _cEN _h027.8 _mSCH |
||
| 999 |
_c132816 _d132816 |
||